Регионална библиотека "Любен Каравелов" - Русе

Хаджи Димитър, Стефан Караджа и обединената им чета от 1868 г. (Запис номер 57259)

MARC детайли
000 -Лидер
Контролно поле с фиксирана дължина 02161nam a2200433 c 4500
003 - Код на организацията, давaща контролен номер
Контролно поле BLK
005 - Дата и час на последна редакция
Контролно поле 20250118142032.0
008 - Елементи от данни с фиксирана дължина
fixed length control field 180408b bul|||||r ||||||| ||bul||
010 ## - Наследен системен номер
LC control number KNG00061254000
040 ## - Източник на каталожния запис
Идентификатор на билиотеката - собственик на записа BLK
041 ## - Код за език
Код за езика на текст/звукозапис или на отделно заглавие Български
Код за езика КДБФ Български
080 ## - УДК
Текстов определител УДК Специална библиография
УДК код - определител по УДК 016
УДК определител :949.72.042.1
УДК - код + определител 016:949.72.042.1
080 ## - УДК
Текстов определител УДК Националнореволюционно движение (1856-1869)
УДК код - определител по УДК 94(497.2)"1856/1869"
УДК определител (01)
УДК - код + определител 94(497.2)"1856/1869"(01)
139 ## - Редно поле
Редна дума Оманова, Румяна Ташева
Авторски знак Ом - О 53
245 10 - Сведения за заглавието
Заглавие Хаджи Димитър, Стефан Караджа и обединената им чета от 1868 г.
Подзаглавни данни Библиогр. указ.
Редно поле (дума) състав. Румяна Ташева Оманова; ред. Велчо Вълков Ковачев.
257 ## - Страна на издаване
Страна на създаване/издаване България
260 ## - Област на издателските данни
-- София
Име на издателя, разпространителя и проч. ООФ Булгаринтерпред
Година на издаване 1990
Печатница Ямбол : Абагар
300 ## - Физическа характеристика
Страници 184 с., 4 л.
Илюстрации и др. ил.
Размери/Мащаб 20 см
380 ## - Жанр
Жанр Общ отдел
500 ## - Общи забележки
Забележка Съдържа: Тематичен показалец на литературата за Хаджи Димитър, Стефан Караджа и четата им от 1868 ; Геогр. показалец ; Показалец на имената.
650 #0 - Допълнително описание по предмет – тема
Основно описание – тема или топоним България - история - биографии
9 (RLIN) 266868
650 #4 - Допълнително описание по предмет – тема
Основно описание – тема или топоним Хайдути, български
9 (RLIN) 257116
650 #4 - Допълнително описание по предмет – тема
Основно описание – тема или топоним Националноосвободително движение - България - дейци
9 (RLIN) 243361
653 ## - Ключова дума – ненормативна
Ключова дума национално освобождение
653 ## - Ключова дума – ненормативна
Ключова дума дейци
653 ## - Ключова дума – ненормативна
Ключова дума библиография
653 ## - Ключова дума – ненормативна
Ключова дума библиографски указатели
653 ## - Ключова дума – ненормативна
Ключова дума Хаджи Димитър
653 ## - Ключова дума – ненормативна
Ключова дума Стефан Караджа
653 ## - Ключова дума – ненормативна
Ключова дума четници
700 1# - Други автори (авторска отговорност)
Лично име Оманова, Румяна Ташева
Автороска отговорност (Описва отношението между автора и произведението) състав.
9 (RLIN) 287473
700 1# - Други автори (авторска отговорност)
Лично име Ковачев, Велчо Вълков
Автороска отговорност (Описва отношението между автора и произведението) ред.
9 (RLIN) 369463
852 ## - Местоположение
Форматна сигнатура Цб 166892
856 4# - Електронен адрес и достъп
Електронен формат pdf - файл
Път до файла /url/
856 4# - Електронен адрес и достъп
Електронен формат pdf - файл
Път до файла /url/
942 ## - АРТИКУЛИ
Вид на библиотечния материал Книги
Скрит в OPAC Не
944 ## - СЪЗДАВАНЕ И РЕДАКЦИЯ на ЗАПИСА
Създаване/Редакция Създаване
Дата на регистрацията/редакция 13.06.2004
Служител, извършил регистрацията/редакцията 30560
Статус, дата на статуса Геновева Генчева
944 ## - СЪЗДАВАНЕ И РЕДАКЦИЯ на ЗАПИСА
Създаване/Редакция Редакция
Дата на регистрацията/редакция 11.02.2013
Служител, извършил регистрацията/редакцията
999 ## - СИСТЕМНИ КОНТРОЛНИ НОМЕРА
Koha biblionumber 57259
Koha biblioitemnumber 57259
Наличности
Код за отписване Код за изгубен артикул Източник на класификационната схема Код за повреда Коз за рестрикции Код за отдаване Артикулен № Име на библиотеката - собственик Име на библиотеката, в която се намира в момента Статус (Текущо местоположение) Дата на вписване в системата Местоположение - отдел Цена в лева Инвентарен номер Систематично азбучна сигнатура Баркод Номер на екземпляра Цена в евро Служебна бележка Служебен тип на артикула Номерация (Хронология)
  Не е изгубен Universal Decimal Classification Не е повреден само за читалня ползва се в читалня 92424 Регионална библиотека "Любен Каравелов" Русе Регионална библиотека "Любен Каравелов" Русе СБИД 1990-01-01 СБИД 10.00 571958 С 016:94(497.2)/О 53 120000571958 1 5.11 Дост: Pk Вид: Сф N: стар фонд Дата: 01.01.1990 Дата инв: 08.06.2017 Бележки инв: С2017 Книги  
  Не е изгубен Universal Decimal Classification Не е повреден без рестрикции ползва се в читалня 92425 Регионална библиотека "Любен Каравелов" Русе Регионална библиотека "Любен Каравелов" Русе Хранилище 1990-01-01 Хранилище 10.00 560883 Цб 166892 120000560883 2 5.11 Дост: Dp Вид: Д N: стар фонд Дата: 01.01.1990 Книги  
Изтеглен Не е изгубен Universal Decimal Classification Не е повреден без рестрикции ползва се в читалня 92426 Регионална библиотека "Любен Каравелов" Русе Регионална библиотека "Любен Каравелов" Русе Заемна - справочен фонд 1990-01-01 Заемна - справочен фонд 10.00 571957 СП 016:949.72/О 53 571957 3 5.11 Дост: Pk Вид: Ф N: стар фонд Дата: 01.01.1990 Дата инв: 19.02.2018 Бележки инв: СП2018 Книги  
  Не е изгубен Universal Decimal Classification Не е повреден без рестрикции ползва се в читалня 92427 Регионална библиотека "Любен Каравелов" Русе Регионална библиотека "Любен Каравелов" Русе Краезнание 1990-01-01 Краезнание 10.00 571956 К 016:94(497.2)О-53 Р 120000571956 4 5.11 Дост: Pk Вид: Ф N: стар фонд Дата: 01.01.1990 Дата инв: 08.11.2017 Бележки инв: СК2017 Книги Автограф: Румяна Оманова
Vip Innovations Ltd, Rousse, Bulgaria 2025